000 02639cam a22005054i 4500
003 PE-LiUPU
005 20250731173423.0
008 150706s2009 sp r 000 0 spa d
020 _a9788492836413
035 _a(Sirsi) i9788492836413
035 _a(Sirsi) i9788492836413
040 _aPE-LiUPU
_bspa
_cPE-LiUPU
_erda
049 _aPRUA
082 0 4 _a270
_bC79
_221
100 1 _aCoster, Bernard,
_eautor.
245 1 0 _aUnidad y diversidad en la historia de la iglesia /
_cBernard Coster.
264 1 _aBarcelona :
_bAndamio,
_c2009.
300 _a475 páginas ;
_c23 centímetros
336 _atext
_2rdacontent
337 _aunmediated
_2rdamedia
338 _avolume
_2rdacarrier
505 0 _aLa iglesia antigua, modelo de unidad -- Unidad, diversidad y división en la iglesia de la Edad Media -- Unidad y diversidad en la época de la Reforma Protestante -- La reforma continuada y profunda -- Catolicismo romano a la defensiva -- Protestantismo en movimiento: el origen del movimiento evangélico -- Unidad y diversidad en el movimiento evangélico -- La resurrección católica -- El protestantismo en crisis -- Cristianismo bajo la cruz.
526 _aSEG42
526 _aSEG41
526 _aSEG40
526 _aSEG39
526 _aP94
526 _aP87
526 _aP86
526 _aP85
526 _aP77
526 _aP76
526 _aP35
541 _g001-0000595;
650 0 4 _aIglesia
_vHistoria.
910 _agl
_bjv
_cng
_d20120906
942 _2ddc
_cBOOK
949 _a270 C79
_wDEWEY
_c1
_i65454
_lCCODEBUL1
_mBUL
_p54.00
_r0
_sY
_tBOOK
_u2015-7-6
_xTEOLOGIA
_PP35
_o.CIRCNOTE. El documento es muy costoso.
_o.STAFF. Colección General
949 _aPGT 270 C79
_wDEWEY
_c1
_i71899
_lPOSTGRADO
_mBUL
_p55.00
_r1
_sY
_tBOOK
_u2015-8-25
_xPOSGRADO
_PP85
_o.CIRCNOTE. No olvidar cambiar la fecha de devolución!!!!!!!
_o.CIRCNOTE. El documento es muy costoso.
_o.STAFF. Posgrado
994 _aC0
_bPEPRU
596 _a1
999 _a270 C79
_wDEWEY
_c53957
_i65454
_d53957
_e2015-11-23
_f2021-11-10
_g5
_lCCODEBUL1
_mBUL
_n7
_p54.00
_q3
_r0
_sY
_tBOOK
_u2015-7-6
_xTEOLOGIA
_PP35
_0COMPRA
_o.CIRCNOTE. El documento es muy costoso.
_o.STAFF. Colección Teología
999 _aPGT 270 C79
_wDEWEY
_c1
_i71899
_d2018-10-4
_e2018-10-2
_f2021-11-10
_g5
_lCCODEBUL1
_mBUL
_n10
_p55.00
_q3
_r0
_sY
_tBOOK
_u2015-8-25
_xTEOLOGIA
_PP85
_0COMPRA
_o.CIRCNOTE. No olvidar cambiar la fecha de devolución!!!!!!!
_o.CIRCNOTE. El documento es muy costoso.
_o.STAFF. Colección Teología
980 _81
_gALBERTO SANCHEZ Responsable de Automatización